| 000 | 00520nam a2200205 4500 | ||
|---|---|---|---|
| 003 | LK-CoMWRAF | ||
| 005 | 20230908120839.0 | ||
| 008 | 230908b1975 |||||||| |||| 00| 0 eng d | ||
| 020 | _a0551005092 | ||
| 040 |
_aLK-CoMWRAF _dLK-CoMWRAF _eLK-CoMWRAF |
||
| 041 | _aeng | ||
| 082 |
_a615.85 _bKUH |
||
| 100 | _aKuhlman, Kathryn | ||
| 245 | _aGod can do it again | ||
| 260 |
_aLondon : _bLakeland, _c1975 |
||
| 300 | _a256p. ; 18cm. | ||
| 650 | _aFaith-cure | ||
| 650 | _aChristianity spiritual healing | ||
| 942 | _cBK | ||
| 999 |
_c3484 _d3484 |
||